000
00246nam a2200097Ia 4500
001
685049
005
20250826161510.0
008
250824s9999 xx 000 0 und d
245
0
_a
ALAN KODU 212/T.JANOWITZ/EVEREST
_c
TAMA JANOWITZ
260
_b
EVEREST
999
_c
685049
_d
685049